=LDR 00000nam 2200000 4500 =001 NUTBA000000000001000 =005 20140408112307.0 =006 =007 =008 =035 ##$$a 0010-041400000000270 =082 ##$$a 028.5 =100 ##$$a achroni, keen =245 ##$$a anak kreati $b seri aku dan keluargaku =250 ##$$a pertama =260 ##$$a jakarta $b PT. Buku kita =300 ##$$a 24 =850 ##$$a NBPDMAT =990 ##$$a 93139/BPAP-NTB/2014